Concepts of genetics. (9th ed.) (Record no. 38338)

MARC details
000 -LEADER
fixed length control field 00662nam a2200193 a 4500
008 - FIXED-LENGTH DATA ELEMENTS--GENERAL INFORMATION
fixed length control field 160628c20099999||||||||||||||||| || u
020 ## - INTERNATIONAL STANDARD BOOK NUMBER
International Standard Book Number 0321540980
050 ## - LIBRARY OF CONGRESS CALL NUMBER
Classification number CD/QH 430 Con
100 ## - MAIN ENTRY--PERSONAL NAME
Personal name Spencer, Charlotte A
245 10 - TITLE STATEMENT
Title Concepts of genetics. (9th ed.)
Statement of responsibility, etc. by William S. Klug [and others]
Medium [cd-rom]
250 ## - EDITION STATEMENT
Edition statement 9th ed.
260 ## - PUBLICATION, DISTRIBUTION, ETC.
Place of publication, distribution, etc. San Francisco:
Name of publisher, distributor, etc. Pearson Education, Inc
Date of publication, distribution, etc. 2009
300 ## - PHYSICAL DESCRIPTION
Extent 4 3/4 in.
350 ## - PRICE (NR) (BK AM CF MU VM SE) [OBSOLETE]
Price 0.00
650 #0 - SUBJECT ADDED ENTRY--TOPICAL TERM
Topical term or geographic name entry element GENETICS
700 ## - ADDED ENTRY--PERSONAL NAME
Personal name Klug, Williams S
700 ## - ADDED ENTRY--PERSONAL NAME
Personal name Cummings, Michael R
995 ## - RECOMMENDATION 995 [LOCAL, UNIMARC FRANCE]
-- CBU-MAIN LIBRARY (Kitwe)
-- 0.00
-- 1
-- AVAILABLE
-- Jun 28, 2016
-- e-Media Collection
Holdings
Withdrawn status Lost status Source of classification or shelving scheme Damaged status Not for loan Home library Current library Shelving location Date acquired Total Checkouts Full call number Barcode Date last seen Price effective from Koha item type
          CBU-MAIN LIBRARY, KITWE. CBU-MAIN LIBRARY, KITWE.   11/30/2022   CD/QH 430 Con 20142075 11/30/2022 11/30/2022 MONOGRAPH